Los profesores ante el reto de la educación ambiental / (Record no. 13995)

MARC details
000 -LEADER
campo de control de longitud fija 00789nam a2200241 i 4500
001 - NÚMERO DE CONTROL
campo de control 13995
003 - IDENTIFICADOR DE NÚMERO DE CONTROL
campo de control ES-MaACL
005 - FECHA Y HORA DE LA ÚLTIMA TRANSACCIÓN
campo de control 20250828001647.0
007 - CAMPO FIJO DE DESCRIPCIÓN FÍSICA--INFORMACIÓN GENERAL
campo de control de longitud fija t|
008 - DATOS DE LONGITUD FIJA--INFORMACIÓN GENERAL
campo de control de longitud fija 980827s1997 sp ||||1| spa d
020 ## - NÚMERO INTERNACIONAL ESTÁNDAR DEL LIBRO
Número Internacional Estándar del Libro 84-920903-9-1
080 ## - NÚMERO DE LA CLASIFICACIÓN DECIMAL UNIVERSAL
Número de la Clasificación Decimal Universal 574:37
080 ## - NÚMERO DE LA CLASIFICACIÓN DECIMAL UNIVERSAL
Número de la Clasificación Decimal Universal 37:574
100 1# - ENTRADA PRINCIPAL--NOMBRE DE PERSONA
Nombre de persona Santisteban Cimarro, Aurelio.
9 (RLIN) 103434
245 14 - MENCIÓN DEL TÍTULO
Título Los profesores ante el reto de la educación ambiental /
Mención de responsabilidad, etc. Aurelio Santisteban Cimarro.
260 ## - PUBLICACIÓN, DISTRIBUCIÓN, ETC.
Lugar de publicación, distribución, etc. Madrid :
Nombre del editor, distribuidor, etc. Colegio Oficial de Biólogos :
-- ECTIAE,
Fecha de publicación, distribución, etc. [1997]
300 ## - DESCRIPCIÓN FÍSICA
Extensión 320 p. ;
Dimensiones 24 cm.
504 ## - NOTA DE BIBLIOGRAFÍA, ETC.
Nota de bibliografía, etc. Bibliografía : p. 241-290.
650 17 - PUNTO DE ACCESO ADICIONAL DE MATERIA--TÉRMINO DE MATERIA
Término de materia o nombre geográfico como elemento de entrada Educación ambiental
Fuente del encabezamiento o término embne
9 (RLIN) 12086
710 2# - ENTRADA AGREGADA--NOMBRE DE ENTIDAD CORPORATIVA
Nombre de entidad corporativa o nombre de jurisdicción como elemento de entrada Colegio Oficial de Biólogos.
9 (RLIN) 2961
852 ## - LOCALIZACIÓN
Ubicación ES-MaACL
Número de control de estantería L-21279
Sublocalización o colección R.126652
condición física . - Ded. autógr. del autor
Holdings
Estatus retirado Estado de pérdida Estado de daño No para préstamo Biblioteca de origen Biblioteca actual Ubicación en estantería Fecha de adquisición Fuente de adquisición Total de préstamos Signatura topográfica completa Código de barras Visto por última vez Precio de reemplazo Tipo de ítem Koha
        Biblioteca del Ateneo de Madrid Biblioteca del Ateneo de Madrid Depósito 2 17/01/2008     L-21279 1014240 23/02/2023 23/02/2023 Libro impreso